| 000 | 00460nam a22001817a 4500 | ||
|---|---|---|---|
| 999 |
_c6205 _d6203 |
||
| 005 | 20210826122349.0 | ||
| 008 | 200517b xxu||||| |||| 00| 0 eng d | ||
| 020 | _a9788123905556 | ||
| 041 | _aeng | ||
| 082 | _a615 SIN | ||
| 100 |
_aSINGHAL K L _96727 |
||
| 245 | _aEssentials of Pharmaco- therapeutics | ||
| 250 | _a1'st | ||
| 260 |
_anew Delhi _bC.B S Publishers and Distributors _c2020 |
||
| 300 | _a140, vi | ||
| 650 |
_aPHARMACY _96728 |
||
| 942 | _cBK | ||